Ekonomická aktivita dôchodcov.
Počet pracujúcich dôchodcov sa zisťoval k 31. máju 1990. V štátnom a družstevnom sektore (vrátane JRD) pracovalo 238,5 tis. dôchodcov. Podiel žien na počte pracujúcich dôchodcov bol 52,5 perc. Údaje o druhoch činnosti a o vekovej štruktúre pracujúcich dôchodcov v postproduktívnom veku. Prehľad o pra...
Saved in:
| Main Author: | |
|---|---|
| Other Authors: | |
| Format: | Book Chapter |
| Language: | Slovak |
| Subjects: | |
| Tags: |
No Tags, Be the first to tag this record!
|
MARC
| LEADER | 00000naa a2200000 4500 | ||
|---|---|---|---|
| 001 | r006371 | ||
| 005 | 20221125080740.8 | ||
| 041 | 0 | |a slo | |
| 044 | |a [CS] | ||
| 245 | 1 | 0 | |a Ekonomická aktivita dôchodcov. |c František Hlad, J. Siváková |
| 520 | |a Počet pracujúcich dôchodcov sa zisťoval k 31. máju 1990. V štátnom a družstevnom sektore (vrátane JRD) pracovalo 238,5 tis. dôchodcov. Podiel žien na počte pracujúcich dôchodcov bol 52,5 perc. Údaje o druhoch činnosti a o vekovej štruktúre pracujúcich dôchodcov v postproduktívnom veku. Prehľad o pracujúcich po vzniku nároku na starobný dôchodok. | ||
| 610 | 2 | 0 | |a dôchodcovia |
| 610 | 2 | 0 | |a dôchodky starobné |
| 610 | 2 | 0 | |a údaje štatistické |
| 610 | 2 | 0 | |a ČSFR |
| 610 | 2 | 0 | |a 1990 |
| 610 | 2 | 0 | |a práca prestárlych |
| 100 | 1 | |a Hlad, František | |
| 700 | 1 | |a Siváková, J. | |